Dalša cinna publikacija o Rusynach-

Bibliographic Details
Main Author: Zozuľák, Alexander, 1953- (Author)
Format: Article
Language:Ukrainian
PhysicalDescription:Fotogr.
Subjects:

MARC

LEADER 00000nab a2200000 a 4500
001 vtls008849251
003 SK-MaSNL
005 20260318121624.0
008 060926c2006 xo jr p 000 c0ukr
015 |a SNBRB2006/09 
038 |a SVKPOCL 
040 |a SVKPOCL  |b slo  |c SVKPO  |e AACR2 
041 0 |a ukr 
044 |a xo  |c SK 
080 |a 323.15(=161)(437.6)  |x (048)  |2 2001 
080 |a 323.15(=161.2)(437.6)  |x (048)  |2 2001 
080 |a 323.1:314.113  |x (048)  |2 2001 
080 |a 314.113  |x (048)  |2 2001 
080 |a 338  |x (048)  |2 2001 
080 |a (048)  |2 2001 
100 1 |a Zozuľák, Alexander,  |d 1953-  |4 aut  |9 103738 
245 1 0 |a Dalša cinna publikacija o Rusynach-  |c [avtor] A. Z. 
300 |b Fotogr. 
648 7 |a 1989-1995  |2 svkpocl  |9 297668 
650 0 7 |a Rusíni  |z Slovensko  |2 svkpocl  |9 336690 
650 0 7 |a Ukrajinci  |z Slovensko  |2 svkpocl  |9 348197 
650 0 7 |a národnostné menšiny  |2 svkpocl  |9 2669 
650 0 7 |a národnostná politika  |2 svkpocl  |9 4656 
650 0 7 |a ekonomická transformácia  |2 svkpocl  |9 4367 
651 7 |a Slovensko  |2 svkpocl  |9 14231 
655 7 |a výskumné správy  |2 svkpocl  |9 70491 
655 7 |a dokumenty  |2 svkpocl  |9 70482 
655 7 |a recenzie  |2 svkpocl  |9 21907 
773 0 |t Narodny novynky  |g Roč. XVI, č. 18-21 (2006), s. 2 
787 0 8 |i Rec.:  |a Gajdoš, Marián  |t Rusíni a Ukrajinci na Slovensku v procesoch transformácie (1989 - 1995) : výber z dokumentov : [(výskumná správa pripravená v rámci riešenia projektu štátneho programu výskumu a vývoja: Národ, národnosť a etnické skupiny v procese transformácie spoločnosti)]. I  |d Prešov : UNIVERSUM, 2005  |z 8089046347 
852 |a SVKPO  |b KIS3GCP 
856 4 1 |a http://narodny-novynky.presov.sk 
958 |a RN 
958 |a UK 
958 |a SK 
958 |a RC 
999 |c 3237355  |d 3239285